000 00512nam a2200193Ia 4500
005 20250326124506.0
008 250326s9999 xx 000 0 und d
037 _aTextbook
040 _aFMSL
_beng
_cFMSL
041 _aeng
_2eng
084 _aX:8 K4;K8
_qFMSL
100 _aKoontz H
_9328988
245 0 _aManagement: book of readings
_cKoontz H; O'donnell C
250 _a2
260 _aNY
_bNY, McGraw-Hill
_c1968
300 _a682p
942 _cTB
_hX:8 K4;K8
999 _c1273928
_d1273928